Štúdia možnosti rozvoja Východoslovenského kraja 1. a 2. časť 2. etapy (všeobecné hodnotenie kraja)

Bibliographic Details
Format: Book
Language:Slovak
PhysicalDescription:52 l., 1 obr. príl. fotogr. 4°
Published: Bratislava Československý inštitút pre územné plánovanie 1968
Edition:[1.] vyd.
Subjects:

MARC

LEADER 00000cam a2200000 a 4500
001 vtls010616110
003 SK-MaSNL
005 20260426020012.0
008 250312s1968 xo o f 000 0 slo
020 |q (brož.) 
035 |a 5E982625-5C6F-40BB-A95A-8F2341C25C76 
035 |a urn:nbn:sk:snk-aml5ub 
035 |a urn:nbn:sk:snk-am008v9l 
040 |a SNK  |b slo  |c SNK  |e AACR2 
041 0 |a slo 
044 |a xo  |c SK 
080 |a 711(437.6-3)  |2 1981 
245 0 0 |a Štúdia možnosti rozvoja Východoslovenského kraja  |b 1. a 2. časť 2. etapy (všeobecné hodnotenie kraja)  |c hlavný projektant R. Kršiak 
246 1 4 |a Štúdia možnosti rozvoja Východoslovenského kraja z územnotechnických podmienok ... 
246 1 4 |a Štúdia možnosti rozvoja Východoslovenského kraja z územnotechnických podmienok 
250 |a [1.] vyd. 
260 |a Bratislava  |b Československý inštitút pre územné plánovanie  |c 1968 
300 |a 52 l., 1 obr. príl.  |b fotogr.  |c 4° 
650 0 7 |a územné plánovanie  |2 SNKPH  |9 2641 
651 7 |a Slovensko východné  |2 SNKPH  |9 161134 
655 7 |a štúdie  |2 SNKPH  |9 57033 
700 1 |a Kršiak, R.  |4 oth  |9 759630 
852 |a Slovenská národná knižnica 
958 |a OND 
999 |c 1199751  |d 1201681 
952 |a SNK  |b SNK  |y PREZ  |7 0  |p 17A0972337  |o snkSB 28642  |i snkD 206/80  |8 1  |0 0  |1 0  |4 0  |d 2014-08-25  |f 1  |l 0  |r 2026-02-24 22:38:54  |w 2026-02-24